000 01030nam a22003137a 4500
003 CHAP
005 20220329134539.0
008 971013s1977 r 00010 d
010 _a21980
011 _a22952
035 _a27047
040 _cCHAP
082 _a551.45
_bC65
100 0 0 _aCloudsley-Thompson, J. L.
_923917
245 _aMan and the biology of arid zones
260 _aBaltimore, Md. :
_bUniversity Park,
_c1977
300 _a182 p.
_b: ilus. ; mapas ; gráfs.
490 _aA series of student texts in contemporany biology
590 _aBATCH-UPD
_b10
_c20130110
_lUCH01
_h1848
590 _aBATCH-UPD
_b10
_c20130410
_lUCH01
_h1218
590 _aBATCH-UPD
_b10
_c20130914
_lUCH01
_h1002
590 _aCONVERSION
_b10
_c20130109
_lUCH01
_h1313
650 1 4 _aDesiertos
_xEcología.
_932149
650 1 4 _aImpacto ambiental.
_957465
830 0 _aA series of student texts in contemporany biology
_996
901 _aBK
942 _cLIBRO
949 _a551.45 C65
_bBC
_cLIBRO
_d-62489
_eLIBRO
_h49487
_i27047
_si
_t412.00
999 _c21980
_d21980